MARC

LEADER 00000cam a2200000 4500
001 vtls011765996
003 SK-MaSNL
005 20260301183405.0
008 201207s2018 xo g n 000 0 slo
015 |a SNBA2018/10 
020 |a 9788081911354  |q (viazané) 
035 |a F66C3301-BE76-4A87-ADC1-696825C19EAD 
035 |a urn:nbn:sk:snk-am3iaso 
035 |a urn:nbn:sk:snk-am00d8sb 
040 |a SNK  |b slo  |c SNK  |e rda 
041 0 |a slo 
044 |a xo  |c SK 
072 7 |a 2-23/-27  |x Biblia. Biblistika  |2 konspekt 
080 |a 2-277.3  |2 2011 
080 |a 2-277.2  |2 2011 
080 |a 801.73  |2 2011 
080 |a 27-277  |2 2011 
080 |a (0.072)  |2 2011 
080 |a 27-243.63  |2 2011 
080 |a (0:82-9)  |2 2011 
080 |a 27-232/-236  |2 2011 
080 |a 26-246.2  |2 2011 
080 |a 27-234  |2 2001 
245 0 0 |a Komentáre k Starému zákonu  |n 6. zväzok  |p Žalmy 76-100  |c editor: Bohdan Hroboň ; autori: Peter Dubovský, Benedikt Hajas, Lucia Hidvéghyová Agnesa Adriana Jenčíková, Jozef Jančovič, Peter Juhás, Róbert Lapko, Mykhaylyna Kľusková, Libor Marek, Helena Panczová, Juraj Pigula, Milan Sova, Blažej Štrba, Martin Štrbák, Jozef Tiňo, Anton Tyrol, Miroslav Varšo, Pavel Vilhan 
246 3 0 |a Žalmy 76-100 
264 1 |a Trnava  |b Dobrá kniha  |c 2018 
300 |a 659 strán  |c 25 cm 
336 |a text  |b txt  |2 rdacontent 
337 |a bez média  |b n  |2 rdamedia 
338 |a zväzok  |b nc  |2 rdacarrier 
490 1 |a Komentáre k Starému zákonu 
500 |a Vydané pre Teologickú fakultu Trnavskej univerzity v Bratislave 
504 |a Bibliografia na strane 29-41 ; rabínska bibliografia na strane 25 ; patristická bibliografia na strane 26 ; bibliografia klasikov spirituality na strane 27 ; skratky ; skratky biblických kníh ; zoznam vybraných učencov a spisov rabínskeho judaizmu 
630 0 7 |a Biblia  |p Žalmy  |2 SNKPH  |9 162798 
630 0 7 |a Bible  |p Psalms  |2 SNKPHeng  |9 165677 
650 0 7 |a biblická exegéza  |2 SNKPH  |9 4349 
650 0 7 |a biblická hermeneutika  |2 SNKPH  |9 1913 
650 0 7 |a biblické preklady  |2 SNKPH  |9 66591 
650 0 7 |a textová analýza  |2 SNKPH  |9 4010 
650 0 7 |a biblická interpretácia  |2 SNKPH  |9 68298 
650 0 7 |a Biblical exegesis  |2 SNKPHeng  |9 302426 
650 0 7 |a Biblical hermeneutics  |2 SNKPHeng  |9 329270 
650 0 7 |a Biblical translations  |2 SNKPHeng  |9 302901 
650 0 7 |a Textual criticism  |2 SNKPHeng  |9 314123 
650 0 7 |a Biblical interpretation  |2 SNKPHeng  |9 302425 
650 0 7 |a biblické texty  |2 SNKPH  |9 1917 
650 0 7 |a Biblical texts  |2 SNKPHeng  |9 265584 
655 7 |a komentáre  |2 SNKPH  |9 70412 
655 7 |a Commentaries  |2 SNKPHeng  |9 275605 
655 7 |a texty  |2 SNKPH  |9 70511 
655 7 |a Texts  |2 SNKPHeng  |9 302902 
700 1 |a Hroboň, Bohdan,  |d 1968-  |4 edt  |9 234162 
700 1 |a Dubovský, Peter  |4 aut  |9 558600 
700 1 |a Hajas, Benedikt  |4 aut  |9 483568 
700 1 |a Hidvéghyová, Lucia  |4 aut  |9 358783 
700 1 |a Jenčíková, Agnesa Adriana  |4 aut  |9 366601 
700 1 |a Jančovič, Jozef,  |d 1968-  |4 aut  |9 212782 
700 1 |a Juhás, Peter  |4 aut 
700 1 |a Lapko, Róbert,  |d 1972-  |4 aut  |9 79780 
700 1 |a Kľusková, Mykhaylyna,  |d 1977-  |4 aut  |9 251995 
700 1 |a Marek, Libor  |4 aut  |9 366602 
700 1 |a Panzová, Helena  |4 aut  |9 558601 
700 1 |a Pigula, Juraj,  |d 1976-  |4 aut  |9 156040 
700 1 |a Sova, Milan,  |d 1973-  |4 aut  |9 90166 
700 1 |a Štrba, Blažej,  |d 1971-  |4 aut  |9 117553 
700 1 |a Štrbák, Martin,  |d 1972-  |4 aut  |9 133236 
700 1 |a Tiňo, Jozef,  |d 1963-  |4 aut  |9 205316 
700 1 |a Tyrol, Anton,  |d 1960-  |4 aut  |9 205001 
700 1 |a Varšo, Miroslav,  |d 1968-  |4 aut  |9 224753 
700 1 |a Vilhan, Pavel  |4 aut  |9 358079 
710 2 |a Trnavská univerzita v Trnave.  |b Teologická fakulta v Bratislave  |4 pbl  |9 119703 
830 0 |a Komentáre k Starému zákonu  |9 433376 
852 |a Štátna vedecká knižnica v Banskej Bystrici 
919 |a 978-80-8191-135-4 
958 |a NB 
958 |a NT 
999 |c 856809  |d 858739 
952 |a SNK  |b SNK  |y PREZ  |7 0  |p 17A1336791  |o snkSC 135608/6  |i snk2018/19869  |8 0  |0 0  |1 0  |4 0  |d 2018-10-02  |f 1  |l 0  |r 2025-07-01 00:00:00  |w 2026-02-24 
952 |a SNK  |b SNK  |y VYP  |7 0  |p 17A1336792  |o snkSC 135608/6 D1  |i snk2018/19870  |8 0  |0 0  |1 0  |4 0  |d 2018-10-02  |l 0  |r 2026-02-24 05:00:06  |w 2026-02-24